[Event "Eschborn op"]
[Site "Eschborn"]
[Date "2017.10.15"]
[Round "5"]
[White "Thede, Stefan"]
[Black "Wagner, Guenter"]
[Result "1/2-1/2"]
[WhiteElo "1594"]
[BlackElo "1642"]
[PlyCount "94"]
[EventDate "2017.10.13"]
[EventType "swiss"]
[EventRounds "5"]
[EventCountry "GER"]
[SourceTitle "EXT 2019"]
[Source "ChessBase"]
[SourceDate "2018.10.10"]
[SourceVersion "1"]
[SourceVersionDate "2018.10.10"]
[SourceQuality "1"]

1. Nf3 Nf6 2. g3 g6 3. Bg2 Bg7 4. 0-0 c5 5. c3 0-0 6. d3 d5 7. Qc2 Nc6 8. Bf4 Re8 9. e4 e5 10. Bg5 d4 11. a4 Bg4 12. h3 Bxf3 13. Bxf3 h6 14. Bd2 Rc8 15. Na3 Na5 16. Bg2 Qb6 17. Nc4 Nxc4 18. dxc4 Red8 19. a5 Qe6 20. Qb3 Rc7 21. Rfe1 Ne8 22. Bf1 Nd6 23. Qa2 f5 24. exf5 Nxf5 25. Bg2 Kh7 26. Bd5 Qf6 27. a6 b6 28. b4 cxb4 29. cxb4 Ne7 30. Be4 Rdc8 31. Rac1 Qe6 32. Bb7 Rf8 33. g4 h5 34. Bg5 hxg4 35. h4 b5 36. Bxe7 Qxe7 37. h5 g5 38. Qc2+ Kh8 39. h6 Bxh6 40. Bd5 Qf6 41. Kg2 g3 42. f3 g4 43. Kxg3 Qf4+ 44. Kf2 Qh2+ 45. Kf1 Qh1+ 46. Kf2 Qh2+ 47. Kf1 Qh1+ 1/2-1/2

[Event "Eschborn op"]
[Site "Eschborn"]
[Date "2017.10.14"]
[Round "3"]
[White "Juhnke, Peter"]
[Black "Wagner, Guenter"]
[Result "1-0"]
[WhiteElo "1724"]
[BlackElo "1642"]
[PlyCount "103"]
[EventDate "2017.10.13"]
[EventType "swiss"]
[EventRounds "5"]
[EventCountry "GER"]
[SourceTitle "EXT 2019"]
[Source "ChessBase"]
[SourceDate "2018.10.10"]
[SourceVersion "1"]
[SourceVersionDate "2018.10.10"]
[SourceQuality "1"]

1. e4 d6 2. f4 Nf6 3. d3 g6 4. Nf3 Bg7 5. Be2 0-0 6. c3 c5 7. Nbd2 Nc6 8. 0-0 Rb8 9. Nh4 h5 10. h3 b5 11. f5 g5 12. Nhf3 Nh7 13. Nh2 h4 14. Ndf3 f6 15. d4 b4 16. Be3 bxc3 17. bxc3 d5 18. Bd3 c4 19. Bc2 e6 20. Rb1 exf5 21. Rxb8 Nxb8 22. exf5 Nc6 23. Bc1 Bd7 24. Bd2 Ne7 25. Nxh4 gxh4 26. Qh5 Qc8 27. Qxh4 Nxf5 28. Qh5 Qe8 29. Qxe8 Rxe8 30. Bxf5 Bc6 31. Nf3 Nf8 32. Kf2 Kf7 33. g4 Ng6 34. h4 Ne7 35. Bc2 Bd7 36. Kg3 Kg8 37. h5 Rb8 38. Rb1 Rxb1 39. Bxb1 Kf7 40. Nh4 Ng8 41. Bg6+ Kf8 42. Nf5 Bh8 43. Bf4 Bxf5 44. Bxf5 Kf7 45. Bb8 a6 46. Bc8 a5 47. Bc7 Ne7 48. Bd7 a4 49. Bxa4 Bg7 50. Kf4 f5 51. g5 Ng8 52. Bd7 1-0

[Event "Frankfurt-chA"]
[Site "Frankfurt"]
[Date "2017.05.15"]
[Round "4"]
[White "Illenberger, Dirk"]
[Black "Wagner, Guenter"]
[Result "1/2-1/2"]
[WhiteElo "1737"]
[BlackElo "1666"]
[PlyCount "36"]
[EventDate "2017.04.24"]
[EventType "swiss"]
[EventRounds "7"]
[EventCountry "GER"]
[SourceTitle "EXT 2018"]
[Source "ChessBase"]
[SourceDate "2017.10.13"]
[SourceVersion "1"]
[SourceVersionDate "2017.10.13"]
[SourceQuality "1"]

1. e4 d6 2. Nc3 Nf6 3. f4 g6 4. Nf3 Bg7 5. Bc4 0-0 6. 0-0 Nxe4 7. Nxe4 d5 8. Bd3 dxe4 9. Bxe4 Nd7 10. c3 Nf6 11. Bc2 c5 12. d4 cxd4 13. Nxd4 Qb6 14. Qe1 Nd5 15. Qf2 Bd7 16. Rd1 Rad8 17. Nb3 Qxf2+ 18. Kxf2 Nf6 1/2-1/2

[Event "Frankfurt-chA"]
[Site "Frankfurt"]
[Date "2017.05.08"]
[Round "3"]
[White "Wagner, Guenter"]
[Black "Bergner, Matthias"]
[Result "1-0"]
[WhiteElo "1666"]
[BlackElo "1577"]
[PlyCount "34"]
[EventDate "2017.04.24"]
[EventType "swiss"]
[EventRounds "7"]
[EventCountry "GER"]
[SourceTitle "EXT 2018"]
[Source "ChessBase"]
[SourceDate "2017.10.13"]
[SourceVersion "1"]
[SourceVersionDate "2017.10.13"]
[SourceQuality "1"]

1. Nf3 g6 2. g3 Bg7 3. Bg2 Nf6 4. 0-0 0-0 5. c4 Nc6 6. d4 e6 7. Nc3 Ne7 8. e4 c6 9. Bf4 d5 10. e5 Nd7 11. cxd5 Nxd5 12. Nxd5 cxd5 13. Qd2 b6 14. Bh6 Ba6 15. Rfe1 Rc8 16. Bxg7 Kxg7 17. Rac1 Qe7 1-0

[Event "Frankfurt-chA"]
[Site "Frankfurt"]
[Date "2015.04.27"]
[Round "1"]
[White "Wagner, Guenter"]
[Black "Schmitt, Roland"]
[Result "0-1"]
[WhiteElo "1529"]
[BlackElo "1884"]
[PlyCount "58"]
[EventDate "2015.04.27"]
[EventType "swiss"]
[EventRounds "7"]
[EventCountry "GER"]
[SourceTitle "EXT 2016"]
[Source "ChessBase"]
[SourceDate "2015.10.08"]
[SourceVersion "1"]
[SourceVersionDate "2015.10.08"]
[SourceQuality "1"]

1. Nf3 Nf6 2. g3 g6 3. Bg2 Bg7 4. 0-0 0-0 5. d4 d6 6. c4 c5 7. d5 e6 8. Nc3 exd5 9. Nxd5 Nxd5 10. Qxd5 Nc6 11. Rd1 Be6 12. Qxd6 Qb6 13. Bg5 h6 14. Be3 Qxb2 15. Qxc5 Rfd8 16. Rdc1 Qxe2 17. Bf1 Qxf3 18. Bg2 Qf5 19. Rab1 Rac8 20. Qa3 Rd3 21. Qa4 Nd4 22. Bf1 Nf3+ 23. Kg2 Qh3+ 24. Kxf3 Bg4+ 25. Kf4 g5+ 26. Ke4 Bf5+ 27. Kf3 Qg4+ 28. Kg2 Be4+ 29. f3 Qxf3+ 0-1

[Event "Frankfurt-chA"]
[Site "Frankfurt"]
[Date "2014.04.28"]
[Round "1"]
[White "Wagner, Guenter"]
[Black "Janke, Christian"]
[Result "0-1"]
[WhiteElo "1634"]
[BlackElo "1949"]
[PlyCount "56"]
[EventDate "2014.04.28"]
[EventType "swiss"]
[EventRounds "7"]
[EventCountry "GER"]
[SourceTitle "EXT 2015"]
[Source "ChessBase"]
[SourceDate "2014.11.20"]
[SourceVersion "1"]
[SourceVersionDate "2014.11.20"]
[SourceQuality "1"]

1. Nf3 f5 2. g3 Nf6 3. d3 g6 4. Bg2 Bg7 5. 0-0 d6 6. c4 e5 7. Nc3 c6 8. Re1 0-0 9. Rb1 h6 10. Bd2 Be6 11. b3 Nbd7 12. e4 g5 13. Rc1 f4 14. h3 fxg3 15. fxg3 g4 16. hxg4 Bxg4 17. Rf1 Nh5 18. Be1 Bf6 19. Rc2 Bg5 20. Ne2 Be3+ 21. Bf2 Bxf2+ 22. Rxf2 Nc5 23. b4 Ne6 24. c5 dxc5 25. bxc5 Qf6 26. Qf1 Ng5 27. Nxg5 Qxg5 28. Bh3 Rxf2 0-1

[Event "Eschborn op 10th"]
[Site "Eschborn"]
[Date "2013.09.01"]
[Round "5"]
[White "Wagner, Guenter"]
[Black "Gutacker, Stephan"]
[Result "1/2-1/2"]
[WhiteElo "1621"]
[BlackElo "1893"]
[PlyCount "60"]
[EventDate "2013.08.30"]
[EventType "swiss"]
[EventRounds "5"]
[EventCountry "GER"]
[SourceTitle "EXT 2014"]
[Source "ChessBase"]
[SourceDate "2013.11.20"]
[SourceVersion "1"]
[SourceVersionDate "2013.11.20"]
[SourceQuality "1"]

1. Nf3 Nf6 2. g3 e6 3. Bg2 d5 4. c4 c6 5. b3 Bd6 6. 0-0 Nbd7 7. Bb2 0-0 8. d3 b6 9. Nbd2 Bb7 10. Re1 c5 11. e3 Rc8 12. Rc1 Re8 13. cxd5 exd5 14. d4 Ne4 15. Bh3 Rc7 16. Bxd7 Qxd7 17. Ne5 Bxe5 18. dxe5 Ng5 19. Qh5 Qf5 20. g4 Nf3+ 21. Nxf3 Qxf3 22. Qf5 Qxf5 23. gxf5 Bc8 24. f6 gxf6 25. exf6 Bh3 26. f3 Kh8 27. Kf2 Rg8 28. Rg1 Rg6 29. Be5 Rc6 30. Rg3 Be6 1/2-1/2